Notas para el estudio económico de América Latina y el Caribe, 1987, Nicaragua /

Na minha lista:
Detalhes bibliográficos
Autores corporativos: CEPAL, Naciones Unidas
Formato: Texto
Publicado em: s.l.: CEPAL
Tags: Adicionar Tag
Sem tags, seja o primeiro a adicionar uma tag!

MARC

LEADER 00000 a a2200000 04500
001 24524
003
040
090 |a 176100  
110 |a CEPAL  
245 |a Notas para el estudio económico de América Latina y el Caribe, 1987, Nicaragua /  |c CEPAL  
260 |a s.l.:   |b CEPAL  
300 |a 56 p.  
710 |a Naciones Unidas  
999 |c 6146  |d 6146